000 00434 a2200169 4500
041 _aEng
082 _aCD8727
100 _aKhatiwada, Bhola Nath
245 _aTense system in Tamang and English language.
260 _aKathmandu:
_c2012
502 _aDissertation
_bDegree in Education
_cTU
650 _aGrammer
650 _aGrammetical analysis
650 _aTamang Language
653 _aEnglish Language
942 _2ddc
_cVM
999 _c69176
_d69162